000 01027cam a22003137a 4500
003 CHAP
005 20220329141347.0
008 971013s1988 r 00010 d
010 _a67011
011 _a67983
035 _a77455
040 _cCHAP
090 _aTesis
100 0 0 _aArias Bejarano, Salomón.
_97040
245 0 _aEstimación de la energía metabolizable del sorgo a partir de su análisis químico
260 _aChapingo, Méx. :
_bEl autor,
_c1988
300 _a76 h.
502 _aTesis (Ing. Agrónomo Esp. en Zootecnia) -- UACH. Departamento de Zootecnia
590 _aALEPH
_b10
_c20130110
_lUCH01
_h1401
590 _aBATCH-UPD
_b10
_c20130110
_lUCH01
_h0306
590 _aBATCH-UPD
_b10
_c20130409
_lUCH01
_h2338
590 _aBATCH-UPD
_b10
_c20130914
_lUCH01
_h0354
590 _aCONVERSION
_b10
_c20130109
_lUCH01
_h1337
650 1 4 _aEnergía metabólica.
_936906
650 1 4 _aSorgo
_xValor nutritivo.
_9108733
901 _aBK
942 _cTESIS
949 _bBC
_cTES
_d-30324
_eTS1
_h20978
_i77455
_si
999 _c67011
_d67011